Регионална библиотека "Любен Каравелов" - Русе

Книга за вярата (Запис номер 347827)

MARC детайли
000 -Лидер
Лидер 02005nam a2200349 a 4500
003 - Код на организацията, давaща контролен номер
Код на организацията, даваща контролен номер BLK
005 - Дата и час на последна редакция
Дата и час на последна редакция 20240605144414.0
008 - Елементи от данни с фиксирана дължина
Елементи с фиксирана дължина 180410b bul|||||r ||||||| ||bul||
020 ## - Международен стандартен номер на книга ISBN
ISBN 9786199025468
040 ## - Източник на каталожния запис
Код на библиотеката BLK
041 ## - Код за език
Език Български
Език за КДБФ Български
080 ## - УДК
УДК текст Философски мистицизъм. Ранни езотерични школи. Кабала. Теософия. Антропософия. Суфизъм. Еклектизъм. Синкретизъм. Херметизъм. Розенкройцерство. Др. школи
УДК код 141.33
УДК – код + определител 141.33
080 ## - УДК
УДК текст Религия и наука. Теология и философия. Знание и вяра. Конфликт между църквата и науката Вж и 001;1;291. 1;234; 239
УДК код 215
УДК – код + определител 215
080 ## - УДК
УДК текст Хореография. Танци. Евритмия. Вж и 78.085; 792.8
УДК код 793.3
УДК – определител :215
УДК – код + определител 793.3:215
084 ## - Класификационен индекс по друга класификация
Авторски знак Дъ - Д 95
100 ## - Редна дума - Автор
Автор Дънов, Петър Константинов
Биография на автора Дънов, Петър Константинов
R(LIN) 244373
245 10 - Сведения за заглавието
Заглавие Книга за вярата
Подзаглавни данни Из словото на учителя Петър Дънов
Авторска отговорност Беинса Дуно; Петър Константинов Дънов; Учителя; предг. Елеазар Хараш.
250 ## - Област на изданието
Поредност на изданието 3. изд.
257 ## - Страна на издаване
Страна на създаване/издаване България
260 ## - Област на издателските данни
Място на издаване Варна
Име на издателя Благоговение
Година на издаване 2016
9 (RLIN) 395401
300 ## - Физическа характеристика
Брой страници 280 с.
Размер 20 см
380 ## - Жанр
Жанр Философия
500 ## - Общи забележки
Обща забележка Беинса Дуно и Учителя - духовно име на Петър Константинов Дънов
504 ## - Забележка за наличие на библиография и др
Библиография с. 275-276
650 #7 - Допълнително описание по предмет – тема
Предметна рубрика Дънов, Петър Константинов
9 (RLIN) 153926
653 ## - Ключова дума – ненормативна
Ключови думи дъновизъм
700 1# - Други автори (авторска отговорност)
Друг автор Хараш, Елеазар
9 (RLIN) 136203
Пълното име на др. автор Йорданов, Петко Йорданов
852 ## - Местоположение
Отдел Заемна - подръчен фонд
Систематично-азбучна сигнатура 14/Д 95 П
942 ## - АРТИКУЛИ
Вид на библиотечния документ Книги
Скрит в OPAC Не
Периодичен библиозапис Да
Koha issues (borrowed), all copies 3
944 ## - СЪЗДАВАНЕ И РЕДАКЦИЯ на ЗАПИСА
Създаване/Редакция Редакция
Дата на регистрацията/редакция 2024-04-04
Служител, извършил регистрацията/редакцията 30576
Номер на служител Цветомила Тодорова
999 ## - СИСТЕМНИ КОНТРОЛНИ НОМЕРА
Koha biblionumber 347827
Koha biblioitemnumber 347827
Наличности
Код за отписване Код за изгубен артикул Източник на класификационната схема Код за повреда Код за отдаване Артикулен № Име на библиотеката - собственик Име на библиотеката, в която се намира в момента Статус (Текущо местоположение) Дата на вписване в системата Местоположение - отдел Цена в лева Систематично азбучна сигнатура Баркод Цена в евро Служебен тип на артикула Инвентарен номер
  Не е изгубен Universal Decimal Classification Не е повреден ползва се в читалня 754477 Регионална библиотека "Любен Каравелов" Русе Регионална библиотека "Любен Каравелов" Русе Хранилище 2020-01-24 Хранилище 12.00 Цб 297705 120000841649 6.14 Книги  
  Не е изгубен Universal Decimal Classification Не е повреден заемане за дома 942054 Регионална библиотека "Любен Каравелов" Русе Регионална библиотека "Любен Каравелов" Русе Заемна - подръчен фонд 2024-04-05 Заемна - подръчен фонд 12.00 14/Д 95 П 120000901077 6.14 Книги 120000901077
Vip Innovations Ltd, Rousse, Bulgaria 2025